Год поэзии. Израиль. 2009-2010 (Запись № 1784991)

Подробности
000 -МАРКЕР
контрольное поле 01699nam2a2200313 4500
001 - ИДЕНТИФИКАТОР ЗАПИСИ
контрольное поле RU\NLR\bibl\1806326
005 - ИДЕНТИФИКАТОР ВЕРСИИ
контрольное поле 20250616152050.0
010 ## - МЕЖДУНАРОДНЫЙ СТАНДАРТНЫЙ НОМЕР КНИГИ (ISBN)
Номер (ISBN) 978-5-98575-503-9
Тираж 500
035 ## - ДРУГИЕ СИСТЕМНЫЕ НОМЕРА
Идентификатор записи (NLR Aleph) 001796967
100 ## - ДАННЫЕ ОБЩЕЙ ОБРАБОТКИ
Данные общей обработки 20110907d2010 |||y0rusy50 ca
101 0# - ЯЗЫК РЕСУРСА
Язык текста, звукозаписи и т.д. русский
-- иврит
102 ## - СТРАНА ПУБЛИКАЦИИ ИЛИ ПРОИЗВОДСТВА
Страна публикации Российская Федерация
-- Израиль
105 ## - ПОЛЕ КОДИРОВАННЫХ ДАННЫХ: ТЕКСТОВЫЕ МАТЕРИАЛЫ, МОНОГРАФИЧЕСКИЕ
Кодированные данные о монографическом текстовом документе g |||||||||
200 0# - ЗАГЛАВИЕ И СВЕДЕНИЯ ОБ ОТВЕТСТВЕННОСТИ
Основное заглавие 2009-2010
Сведения, относящиеся к заглавию [ежегодный международный альманах
Первые сведения об ответственности редкол.: Вера Горт и др.]
210 ## - ПУБЛИКАЦИЯ, РАСПРОСТРАНЕНИЕ И ДР.
Дата издания, распространения и т.д. 2010
Место издания, распространения и т.д. Б. м.
215 ## - ФИЗИЧЕСКАЯ ХАРАКТЕРИСТИКА
Специфическое обозначение материала и объем 524 с.
Другие сведения о физической характеристике нот.
300 ## - ОБЩИЕ ПРИМЕЧАНИЯ
Текст примечания В вып.дан. и в макете загл.: Год поэзии. Израиль. 2009-2010
300 ## - ОБЩИЕ ПРИМЕЧАНИЯ
Текст примечания Часть текста на иврите
320 ## - ПРИМЕЧАНИЯ О НАЛИЧИИ В ДОКУМЕНТЕ БИБЛИОГРАФИИ / УКАЗАТЕЛЯ
Текст примечания Др. произведения авторов в тексте
327 1# - ПРИМЕЧАНИЯ О СОДЕРЖАНИИ
Текст примечания В кн. вошли произведения поэтов Израиля, пишущих на русском языке, переводы стихов с иврита и на иврит, стихи авторов из России
461 #0 - УРОВЕНЬ НАБОРА
Встроенное поле 001RU\NLR\bibl\1277985
-- 2001#$aГод поэзии. Израиль$v2009-2010
Системный номер (АБИС) связанной записи 395738
Место публикации Москва
Дата публикации 2006
Первые сведения об ответственности сост. Валерий Пайков, Эвелина Ракитская
Имя издателя, распространителя и т.д. Издательское содружество А. Богатых и Э. РАкитской Э.РА
Сведения, относящиеся к заглавию [ежегодник израильской поэзии на русском языке
Заглавие Год поэзии. Израиль
Номер тома 2009-2010
517 0# - ДРУГИЕ ВАРИАНТЫ ЗАГЛАВИЯ
Вариант заглавия Год поэзии. Израиль. 2009-2010
702 #1 - ИМЯ ЛИЦА - ВТОРИЧНАЯ ОТВЕТСТВЕННОСТЬ
Начальный элемент ввода Горт
Часть имени, кроме начального элемента ввода В.
Расширение инициалов личного имени Вера
Код отношения Редактор
801 #0 - ИСТОЧНИК ЗАПИСИ
Страна Российская Федерация
Организация NLR
Дата составления 20110907
Правила каталогизации RCR
801 #1 - ИСТОЧНИК ЗАПИСИ
Страна Российская Федерация
Организация NLR
Дата составления 20110907
942 ## - ДОПОЛНИТЕЛЬНЫЕ ЭЛЕМЕНТЫ ЗАПИСИ (АБИС)
Тип экземпляра АБИС Книга
980 ## - КОЛЛЕКЦИЯ
Название коллекции Национальная библиография
Экземпляры
Тип экземпляра Дата поступления Источник поступления Стоимость Библиотека постоянного хранения Библиотека текущего хранения Место хранения Шифр хранения Штрих-код Статус экземпляра
Книга 07.09.2011 Зарубежный дар 500.00 РНБ (Московский) РНБ (Московский) Русский книжный фонд: издания с 1957 года 2008-3/17156 3483511